[Event "HUN-ch Rapid 2018"]
[Site "Ajka"]
[Date "2018.07.20"]
[Round "5"]
[White "Dankhazi, Andras"]
[Black "Czupor, Attila"]
[Result "1-0"]
[WhiteElo "2361"]
[BlackElo "2045"]
[Annotator "NA"]
[PlyCount "66"]
[EventDate "2018.07.20"]
[EventType "swiss"]
[EventCountry "HUN"]
[SourceTitle "playchess.com"]
[Source "ChessBase"]
[SourceQuality "1"]
[TimeControl "1200+5"]

1. d4 {[%emt 0:00:01]} d5 {[%emt 0:00:01]} 2. c4 {[%emt 0:00:01]} c6 {[%emt 0:00:02]} 3. Nf3 {[%emt 0:00:01]} Nf6 {[%emt 0:00:01]} 4. Nc3 {[%emt 0:00:01]} e6 {[%emt 0:00:04]} 5. g3 {[%emt 0:00:01]} Nbd7 {[%emt 0:02:11]} 6. Bg2 {[%emt 0:00:01]} g6 {[%emt 0:00:40]} 7. O-O {[%emt 0:00:34]} Bg7 {[%emt 0:00:03]} 8. Nd2 {[%emt 0:00:11]} O-O {[%emt 0:00:28]} 9. b3 {[%emt 0:00:29]} dxc4 {[%emt 0:03:07]} 10. Nxc4 {[%emt 0:00:21]} c5 {[%emt 0:00:25]} 11. Ba3 {[%emt 0:02:07]} Nd5 {[%emt 0:01:57]} 12. Nxd5 {[%emt 0:01:30]} exd5 {[%emt 0:00:03]} 13. Bxd5 {[%emt 0:00:23]} Bxd4 {[%emt 0:00:11]} 14. Rc1 {[%emt 0:00:37]} Rb8 {[%emt 0:02:29]} 15. e3 {[%emt 0:02:45]} Bg7 {[%emt 0:00:42]} 16. b4 {[%emt 0:02:28]} b6 {[%emt 0:02:37]} 17. bxc5 {[%emt 0:00:59]} Nxc5 {[%emt 0:00:05]} 18. Bxc5 {[%emt 0:00:05]} bxc5 {[%emt 0:00:02]} 19. Qf3 {[%emt 0:00:01]} Qc7 {[%emt 0:01:04]} 20. Rfd1 {[%emt 0:00:59]} Bb7 {[%emt 0:00:54]} 21. Bxb7 {[%emt 0:00:04]} Rxb7 {[%emt 0:00:04]} 22. Qd5 {[%emt 0:00:24]} Rb5 {[%emt 0:02:13]} 23. Nd6 {[%emt 0:03:20]} Ra5 {[%emt 0:00:41]} 24. Nb7 {[%emt 0:00:17]} Rb5 {[%emt 0:00:31]} 25. Rxc5 {[%emt 0:00:09]} Rxc5 {[%emt 0:00:12]} 26. Nxc5 {[%emt 0:00:00]} Rc8 {[%emt 0:00:12]} 27. Nb3 {[%emt 0:00:15]} Bf6 {[%emt 0:00:24]} 28. Rc1 {[%emt 0:00:10]} Qb8 {[%emt 0:00:06]} 29. Rxc8+ {[%emt 0:00:03]} Qxc8 {[%emt 0:00:01]} 30. Kg2 {[%emt 0:00:01]} Qc7 {[%emt 0:00:16]} 31. Nd2 {[%emt 0:00:13]} Kg7 {[%emt 0:00:18]} 32. Nc4 {[%emt 0:00:04]} Qe7 {[%emt 0:00:24]} 33. e4 {[%emt 0:00:26]} Bc3 1-0

[Event "HUN-ch Rapid 2018"]
[Site "Ajka"]
[Date "2018.07.20"]
[Round "5"]
[White "Papp, Gellert"]
[Black "Medvegy, Zoltan"]
[Result "0-1"]
[WhiteElo "2324"]
[BlackElo "2542"]
[Annotator "ChessBase"]
[PlyCount "62"]
[EventDate "2018.07.20"]
[EventType "swiss"]
[EventCountry "HUN"]
[SourceTitle "playchess.com"]
[Source "ChessBase"]
[SourceQuality "1"]
[TimeControl "1200+5"]

1. e4 {[%emt 0:01:10]} c6 {[%emt 0:00:13]} 2. d4 {[%emt 0:00:04]} d5 {[%emt 0:00:00]} 3. e5 {[%emt 0:00:01]} Bf5 {[%emt 0:00:03]} 4. Nf3 {[%emt 0:00:02]} e6 {[%emt 0:00:02]} 5. Be2 {[%emt 0:00:01]} Bb4+ {[%emt 0:00:06]} 6. c3 {[%emt 0:00:34]} Ba5 {[%emt 0:00:01]} 7. O-O {[%emt 0:00:15]} Nd7 {[%emt 0:00:02]} 8. Na3 {[%emt 0:01:04]} Bc7 {[%emt 0:00:50]} 9. Nc2 {[%emt 0:01:15]} f6 {[%emt 0:00:30]} 10. Ne3 {[%emt 0:01:47]} Bg6 {[%emt 0:02:26]} 11. exf6 {[%emt 0:02:15]} Ngxf6 {[%emt 0:00:08]} 12. Ng5 {[%emt 0:02:15]} Qe7 {[%emt 0:00:43]} 13. Bd3 {[%emt 0:00:12]} O-O-O {[%emt 0:01:08]} 14. Re1 {[%emt 0:00:09]} Bxd3 {[%emt 0:04:51]} 15. Qxd3 {[%emt 0:00:02]} g6 {[%emt 0:00:01]} 16. Nf1 {[%emt 0:01:19]} e5 {[%emt 0:00:40]} 17. dxe5 {[%emt 0:00:29]} Nxe5 {[%emt 0:00:23]} 18. Qh3+ {[%emt 0:00:08]} Qd7 {[%emt 0:00:22]} 19. Qe6 {[%emt 0:02:51]} Qxe6 {[%emt 0:01:02]} 20. Nxe6 {[%emt 0:00:03]} Rde8 {[%emt 0:00:01]} 21. Nd4 {[%emt 0:01:30]} c5 {[%emt 0:00:44]} 22. Nc2 {[%emt 0:00:03]} Nd3 {[%emt 0:00:24]} 23. Rd1 {[%emt 0:00:25]} c4 {[%emt 0:00:45]} 24. Rb1 {[%emt 0:00:10]} Ng4 {[%emt 0:00:57]} 25. Be3 {[%emt 0:00:13]} Rhf8 {[%emt 0:00:25]} 26. Rd2 {[%emt 0:00:10]} Nxe3 {[%emt 0:01:40]} 27. Nfxe3 {[%emt 0:00:28]} Bb6 {[%emt 0:00:42]} 28. b3 {[%emt 0:00:24]} Rxf2 {[%emt 0:01:37]} 29. Rxf2 {[%emt 0:00:03]} Rxe3 {[%emt 0:00:04]} 30. bxc4 {[%emt 0:02:21]} Re2 {[%emt 0:00:59]} 31. Rxb6 {[%emt 0:00:22]} Rxf2 {[%emt 0:00:06]} 0-1

[Event "HUN-ch Rapid 2018"]
[Site "Ajka"]
[Date "2018.07.20"]
[Round "5"]
[White "Martini, Balazs"]
[Black "Hajnal, Zoltan"]
[Result "0-1"]
[WhiteElo "2295"]
[BlackElo "2357"]
[Annotator "TA"]
[PlyCount "38"]
[EventDate "2018.07.20"]
[EventType "swiss"]
[EventCountry "HUN"]
[SourceTitle "playchess.com"]
[Source "ChessBase"]
[SourceQuality "1"]

{[%evp 16,38,-12,-12,-5,2,3,-22,-16,-30,-19,-25,-28,-35,-28,-47,-35,-79,-38,-95,-81,-245,-220,-761,-742]} 1. d4 d5 2. Bf4 c5 3. e3 Nc6 4. c3 cxd4 5. exd4 Bf5 (5... Nf6 6. Bd3 Bg4 7. Qb3 Qc8 8. Nd2 e6 9. Ngf3 Bh5 10. O-O Be7 11. Rae1 a6 12. Qc2 Bg6 13. Ne5 Nxd4 14. Qa4+ Nc6 15. Nxg6 hxg6 16. Nf3 b5 17. Qd1 Qd7 18. a4 bxa4 19. Qxa4 {1-0 (84) Nakamura,H (2780)-Topalov,V (2749) Saint Louis 2017}) 6. Nf3 {B13: Caro-Kann: Exchange Variation and Panov-Botvinnik Attack} e6 7. Qb3 Qd7 8. Ne5 Nxe5 9. Bxe5 {LiveBook: 5 Games. Bb5 is the strong threat.} a6 10. Be2 $146 ({Predecessor:} 10. Nd2 Ne7 11. Be2 Nc6 12. Bg3 Be7 13. Nf3 {0-1 (34) O'Hanlon,J-Duchamp,M Nice 1930}) 10... Ne7 11. O-O Ng6 12. Bg3 h5 {[%cal Bh7h5,Bh5h4][%mdl 32] White must now prevent ...h4.} 13. h3 h4 14. Bh2 Bd6 $36 {[%mdl 2048] Black fights for an advantage.} 15. Bxd6 Qxd6 16. Qa3 Qd8 17. Re1 {[#]} ({Better is} 17. Bf3 $15) 17... Nf4 $1 $17 18. Bf1 {[#]} Qg5 $1 19. Kh2 $2 ({Not} 19. Bb5+ $2 axb5 20. Qxa8+ Ke7 $19) (19. Re3) 19... Bd3 {Precision: White = 51%, Black = 93%.} 0-1

[Event "HUN-ch Rapid 2018"]
[Site "Ajka"]
[Date "2018.07.20"]
[Round "5"]
[White "Volosin, Vladimir"]
[Black "Kiss, Pal"]
[Result "1/2-1/2"]
[WhiteElo "2250"]
[BlackElo "2356"]
[Annotator "NA"]
[PlyCount "84"]
[EventDate "2018.07.20"]
[EventType "swiss"]
[EventCountry "HUN"]
[SourceTitle "playchess.com"]
[Source "ChessBase"]
[SourceQuality "1"]
[TimeControl "1200+5"]

1. c4 {[%emt 0:00:01]} c6 {[%emt 0:00:04]} 2. Nc3 {[%emt 0:00:02]} d5 {[%emt 0:00:02]} 3. e3 {[%emt 0:00:03]} Nf6 {[%emt 0:00:02]} 4. Nf3 {[%emt 0:00:03]} Bg4 {[%emt 0:00:09]} 5. Qb3 {[%emt 0:00:18]} Qb6 {[%emt 0:00:09]} 6. Qxb6 {[%emt 0:00:26]} axb6 {[%emt 0:00:02]} 7. Ne5 {[%emt 0:00:35]} Be6 {[%emt 0:00:56]} 8. b3 {[%emt 0:01:01]} g6 {[%emt 0:00:31]} 9. Bb2 {[%emt 0:00:33]} Bg7 {[%emt 0:00:02]} 10. Be2 {[%emt 0:00:26]} O-O {[%emt 0:00:14]} 11. d4 {[%emt 0:00:45]} Nbd7 {[%emt 0:04:53]} 12. Nxd7 {[%emt 0:00:20]} Nxd7 {[%emt 0:00:41]} 13. cxd5 {[%emt 0:00:16]} Bxd5 {[%emt 0:00:51]} 14. Nxd5 {[%emt 0:00:28]} cxd5 {[%emt 0:00:02]} 15. Bb5 {[%emt 0:01:17]} Nf6 {[%emt 0:00:34]} 16. f3 {[%emt 0:00:15]} Rfc8 {[%emt 0:00:14]} 17. Kd2 {[%emt 0:00:09]} e6 {[%emt 0:00:02]} 18. a4 {[%emt 0:00:22]} Bf8 {[%emt 0:00:09]} 19. Rhc1 {[%emt 0:00:11]} Bd6 {[%emt 0:00:44]} 20. h3 {[%emt 0:00:35]} h5 {[%emt 0:00:00]} 21. g4 {[%emt 0:00:28]} hxg4 {[%emt 0:00:26]} 22. hxg4 {[%emt 0:00:03]} Kg7 {[%emt 0:03:03]} 23. Rxc8 {[%emt 0:00:42]} Rxc8 {[%emt 0:00:02]} 24. Rh1 {[%emt 0:00:13]} g5 {[%emt 0:00:55]} 25. Bc3 {[%emt 0:00:50]} Ra8 {[%emt 0:01:24]} 26. Bd3 {[%emt 0:00:57]} Re8 {[%emt 0:00:14]} 27. Bb5 {[%emt 0:00:28]} Ra8 {[%emt 0:01:05]} 28. Bd3 {[%emt 0:01:38]} Re8 {[%emt 0:00:04]} 29. Rh3 {[%emt 0:00:46]} Ra8 {[%emt 0:00:13]} 30. Rh1 {[%emt 0:01:12]} Re8 {[%emt 0:00:06]} 31. Be2 {[%emt 0:00:29]} Rc8 {[%emt 0:00:04]} 32. Kd3 {[%emt 0:00:20]} Rd8 {[%emt 0:00:09]} 33. Kd2 {[%emt 0:00:53]} Ra8 {[%emt 0:00:02]} 34. Bb5 {[%emt 0:00:04]} Rc8 {[%emt 0:00:03]} 35. a5 bxa5 36. Bxa5 Ra8 37. Bc3 Ra2+ 38. Kd3 Rf2 39. Rh3 Ng8 40. Ba5 Ne7 41. Bd8 f6 42. Bd7 e5 1/2-1/2

[Event "HUN-ch Rapid 2018"]
[Site "Ajka"]
[Date "2018.07.20"]
[Round "5"]
[White "Szakolczai, Peter"]
[Black "Jakab, Attila"]
[Result "0-1"]
[WhiteElo "2194"]
[BlackElo "2363"]
[Annotator "NA"]
[PlyCount "64"]
[EventDate "2018.07.20"]
[EventType "swiss"]
[EventCountry "HUN"]
[SourceTitle "playchess.com"]
[Source "ChessBase"]
[SourceQuality "1"]
[TimeControl "1200+5"]

1. c4 {[%emt 0:00:04]} e6 {[%emt 0:00:02]} 2. e4 {[%emt 0:00:30]} d5 {[%emt 0:00:22]} 3. exd5 {[%emt 0:00:02]} exd5 {[%emt 0:00:01]} 4. cxd5 {[%emt 0:00:03]} Nf6 {[%emt 0:00:02]} 5. Nc3 {[%emt 0:00:03]} Nxd5 {[%emt 0:00:38]} 6. Bc4 {[%emt 0:00:06]} Nxc3 {[%emt 0:00:10]} 7. bxc3 {[%emt 0:00:20]} Be7 {[%emt 0:00:09]} 8. Nf3 {[%emt 0:00:13]} O-O {[%emt 0:00:03]} 9. O-O {[%emt 0:00:10]} Nc6 {[%emt 0:00:12]} 10. d4 {[%emt 0:00:17]} Na5 {[%emt 0:00:11]} 11. Bd3 {[%emt 0:00:20]} Be6 {[%emt 0:00:10]} 12. Re1 {[%emt 0:01:00]} Re8 {[%emt 0:00:45]} 13. Ne5 {[%emt 0:02:08]} Bf6 {[%emt 0:00:39]} 14. Qh5 {[%emt 0:05:37]} g6 {[%emt 0:00:02]} 15. Nxg6 {[%emt 0:01:25]} hxg6 {[%emt 0:00:03]} 16. Qxa5 {[%emt 0:00:11]} b6 {[%emt 0:01:01]} 17. Qa3 {[%emt 0:01:22]} c5 {[%emt 0:00:54]} 18. Be3 {[%emt 0:00:32]} cxd4 {[%emt 0:00:06]} 19. cxd4 {[%emt 0:00:02]} Bxd4 {[%emt 0:00:06]} 20. Bb5 {[%emt 0:01:40]} Bxa1 {[%emt 0:00:42]} 21. Bxe8 {[%emt 0:00:12]} Bf6 {[%emt 0:00:34]} 22. Bc6 {[%emt 0:00:16]} Rc8 {[%emt 0:00:03]} 23. Bf3 {[%emt 0:00:08]} Qe7 {[%emt 0:01:29]} 24. Qxe7 {[%emt 0:00:56]} Bxe7 {[%emt 0:00:02]} 25. Bd4 {[%emt 0:00:03]} Bxa2 {[%emt 0:00:52]} 26. g3 {[%emt 0:00:16]} Be6 {[%emt 0:01:07]} 27. h4 {[%emt 0:00:32]} Bc5 {[%emt 0:00:03]} 28. Bf6 {[%emt 0:00:07]} Rc7 {[%emt 0:00:10]} 29. h5 {[%emt 0:00:11]} gxh5 {[%emt 0:00:05]} 30. Bxh5 {[%emt 0:00:02]} Rd7 {[%emt 0:00:06]} 31. Bf3 {[%emt 0:00:09]} Rd2 {[%emt 0:00:35]} 32. Rf1 {[%emt 0:00:18]} Bc4 {[%emt 0:00:39]} 0-1

[Event "HUN-ch Rapid 2018"]
[Site "Ajka"]
[Date "2018.07.20"]
[Round "5"]
[White "Margl, Roland"]
[Black "Deak, Sandor"]
[Result "1/2-1/2"]
[WhiteElo "2047"]
[BlackElo "2335"]
[Annotator "NA"]
[PlyCount "87"]
[EventDate "2018.07.20"]
[EventType "swiss"]
[EventCountry "HUN"]
[SourceTitle "playchess.com"]
[Source "ChessBase"]
[SourceQuality "1"]
[TimeControl "1200+5"]

1. Nf3 {[%emt 0:00:02]} d5 {[%emt 0:00:05]} 2. d4 {[%emt 0:00:01]} c5 {[%emt 0:00:07]} 3. e3 {[%emt 0:00:27]} Nc6 {[%emt 0:00:32]} 4. c4 {[%emt 0:00:02]} cxd4 {[%emt 0:00:17]} 5. Nxd4 {[%emt 0:00:01]} e6 {[%emt 0:01:11]} 6. cxd5 {[%emt 0:00:28]} exd5 {[%emt 0:00:01]} 7. Nxc6 {[%emt 0:00:06]} bxc6 {[%emt 0:00:02]} 8. Qc2 {[%emt 0:00:01]} Bb7 {[%emt 0:01:31]} 9. Nd2 {[%emt 0:00:34]} Nf6 {[%emt 0:00:09]} 10. b3 {[%emt 0:00:19]} Bd6 {[%emt 0:00:43]} 11. Bb2 {[%emt 0:00:15]} O-O {[%emt 0:00:23]} 12. Bd3 {[%emt 0:00:02]} Re8 {[%emt 0:00:50]} 13. O-O {[%emt 0:00:08]} c5 {[%emt 0:01:05]} 14. Rfe1 {[%emt 0:02:50]} Rc8 {[%emt 0:02:25]} 15. Bf5 {[%emt 0:04:17]} Rc7 {[%emt 0:00:04]} 16. Rad1 {[%emt 0:01:17]} g6 {[%emt 0:02:47]} 17. Bh3 {[%emt 0:00:01]} h5 {[%emt 0:00:09]} 18. g3 {[%emt 0:01:02]} Ng4 {[%emt 0:01:48]} 19. Bg2 {[%emt 0:00:55]} h4 {[%emt 0:01:13]} 20. Nf3 {[%emt 0:00:34]} hxg3 {[%emt 0:00:09]} 21. hxg3 {[%emt 0:00:08]} Rce7 {[%emt 0:01:01]} 22. Qc3 {[%emt 0:01:36]} f6 {[%emt 0:01:15]} 23. Nh2 {[%emt 0:03:15]} Be5 {[%emt 0:00:44]} 24. Qc2 {[%emt 0:00:04]} Nxh2 {[%emt 0:00:26]} 25. Kxh2 {[%emt 0:00:24]} Bxb2 {[%emt 0:00:28]} 26. Qxb2 {[%emt 0:00:03]} Kg7 {[%emt 0:00:22]} 27. Qc3 {[%emt 0:00:35]} d4 {[%emt 0:01:04]} 28. exd4 {[%emt 0:01:54]} Rxe1 {[%emt 0:01:16]} 29. Rxe1 {[%emt 0:00:08]} Rxe1 {[%emt 0:00:01]} 30. Qxe1 {[%emt 0:00:13]} Bxg2 {[%emt 0:00:01]} 31. Kxg2 {[%emt 0:00:05]} cxd4 32. Qd2 {[%emt 0:00:16]} Qd5+ {[%emt 0:00:02]} 33. f3 {[%emt 0:00:10]} Qe5 {[%emt 0:00:02]} 34. Kf2 {[%emt 0:00:02]} g5 {[%emt 0:00:01]} 35. Qd3 {[%emt 0:00:05]} Kh6 {[%emt 0:00:03]} 36. b4 {[%emt 0:00:19]} Qd5 {[%emt 0:00:02]} 37. a3 {[%emt 0:00:02]} Qa2+ {[%emt 0:00:01]} 38. Kg1 {[%emt 0:00:07]} Qb2 {[%emt 0:00:01]} 39. Kf1 {[%emt 0:00:07]} Kg7 {[%emt 0:00:01]} 40. g4 {[%emt 0:00:03]} Kh6 {[%emt 0:00:06]} 41. Ke1 {[%emt 0:00:04]} Kg7 {[%emt 0:00:00]} 42. Kf1 {[%emt 0:00:01]} Kf7 {[%emt 0:00:12]} 43. Ke1 {[%emt 0:00:03]} Kg7 {[%emt 0:00:24]} 44. Kf1 {[%emt 0:00:02]} 1/2-1/2

[Event "HUN-ch Rapid 2018"]
[Site "Ajka"]
[Date "2018.07.20"]
[Round "5"]
[White "Koronghy, Gyula"]
[Black "Csonka, Balazs"]
[Result "1/2-1/2"]
[WhiteElo "2020"]
[BlackElo "2311"]
[Annotator "NA"]
[PlyCount "32"]
[EventDate "2018.07.20"]
[EventType "swiss"]
[EventCountry "HUN"]
[SourceTitle "playchess.com"]
[Source "ChessBase"]
[SourceQuality "1"]
[TimeControl "1200+5"]

1. e4 {[%emt 0:00:02]} e5 {[%emt 0:00:32]} 2. Nf3 {[%emt 0:00:04]} Nc6 {[%emt 0:00:02]} 3. Bc4 {[%emt 0:00:02]} Nf6 {[%emt 0:00:03]} 4. d4 {[%emt 0:00:14]} exd4 {[%emt 0:00:20]} 5. e5 {[%emt 0:00:01]} d5 {[%emt 0:00:04]} 6. Bb5 {[%emt 0:00:04]} Ne4 {[%emt 0:00:08]} 7. Nxd4 {[%emt 0:00:12]} Bc5 {[%emt 0:00:37]} 8. O-O {[%emt 0:00:34]} O-O {[%emt 0:00:40]} 9. Nxc6 {[%emt 0:01:03]} bxc6 {[%emt 0:00:02]} 10. Bxc6 {[%emt 0:00:01]} Ba6 {[%emt 0:00:02]} 11. Qxd5 {[%emt 0:01:30]} Bxf1 {[%emt 0:06:47]} 12. Bxa8 {[%emt 0:04:14]} Qh4 {[%emt 0:01:58]} 13. g3 {[%emt 0:00:57]} Bxf2+ {[%emt 0:05:34]} 14. Kxf1 {[%emt 0:00:52]} Qh3+ {[%emt 0:01:13]} 15. Ke2 {[%emt 0:00:03]} Qg4+ {[%emt 0:00:03]} 16. Kf1 {[%emt 0:00:32]} Qh3+ {[%emt 0:02:38]} 1/2-1/2

[Event "HUN-ch Rapid 2018"]
[Site "Ajka"]
[Date "2018.07.20"]
[Round "5"]
[White "Balogh, Marton"]
[Black "Hoang, Thanh Trang"]
[Result "0-1"]
[WhiteElo "1668"]
[BlackElo "2351"]
[Annotator "NA"]
[PlyCount "48"]
[EventDate "2018.07.20"]
[EventType "swiss"]
[EventCountry "HUN"]
[SourceTitle "playchess.com"]
[Source "ChessBase"]
[SourceQuality "1"]
[TimeControl "1200+5"]

1. d4 {[%emt 0:00:03]} f5 {[%emt 0:00:03]} 2. h3 {[%emt 0:00:05]} d6 {[%emt 0:02:18]} 3. g4 {[%emt 0:00:19]} Nc6 {[%emt 0:00:17]} 4. c3 {[%emt 0:02:00]} e5 {[%emt 0:00:48]} 5. Bg2 {[%emt 0:02:19]} fxg4 {[%emt 0:00:24]} 6. hxg4 {[%emt 0:00:02]} Bxg4 {[%emt 0:00:06]} 7. Qd3 {[%emt 0:00:31]} Qd7 {[%emt 0:02:39]} 8. f3 {[%emt 0:02:49]} Bf5 {[%emt 0:00:27]} 9. e4 {[%emt 0:00:03]} Bg6 {[%emt 0:00:05]} 10. Bh3 {[%emt 0:00:28]} Qd8 {[%emt 0:01:51]} 11. Be3 {[%emt 0:00:38]} d5 {[%emt 0:01:24]} 12. Nd2 {[%emt 0:01:36]} Nf6 {[%emt 0:00:28]} 13. O-O-O {[%emt 0:01:10]} Be7 {[%emt 0:00:40]} 14. Ne2 {[%emt 0:01:50]} a6 {[%emt 0:00:25]} 15. Rdg1 {[%emt 0:00:29]} Qd6 {[%emt 0:00:33]} 16. Bf5 {[%emt 0:00:56]} Bxf5 {[%emt 0:00:07]} 17. exf5 {[%emt 0:00:02]} Rg8 {[%emt 0:00:20]} 18. Bg5 {[%emt 0:01:39]} O-O-O {[%emt 0:00:41]} 19. Bxf6 {[%emt 0:00:15]} Bxf6 {[%emt 0:00:29]} 20. Rxh7 {[%emt 0:00:19]} exd4 {[%emt 0:00:27]} 21. cxd4 {[%emt 0:00:28]} Rge8 {[%emt 0:00:29]} 22. a3 {[%emt 0:00:33]} Rd7 {[%emt 0:00:37]} 23. Nb3 {[%emt 0:01:16]} Rde7 {[%emt 0:00:01]} 24. Rg2 {[%emt 0:00:24]} Re3 {[%emt 0:00:19]} 0-1

[Event "HUN-ch Rapid 2018"]
[Site "Ajka"]
[Date "2018.07.21"]
[Round "6"]
[White "Erdos, Viktor"]
[Black "Papp, Gabor"]
[Result "1/2-1/2"]
[WhiteElo "2617"]
[BlackElo "2574"]
[Annotator "TA"]
[PlyCount "35"]
[EventDate "2018.07.20"]
[EventType "swiss"]
[EventCountry "HUN"]
[SourceTitle "playchess.com"]
[Source "ChessBase"]
[SourceQuality "1"]

{[%evp 18,19,39,9]} 1. Nf3 c5 2. c4 g6 3. d4 cxd4 4. Nxd4 Nc6 5. e4 Nf6 6. Nc3 d6 7. Nc2 Bg7 8. Be2 O-O 9. O-O Be6 10. Bd2 {Vorgänger:} Nd7 $146 11. Rc1 Nc5 12. b4 Bxc3 13. Bxc3 Nxe4 14. Ba1 a5 15. b5 Ne5 16. Qd4 Nf6 17. Ne3 Ned7 18. Bf3 {1-0 (33) Aronian,L (2785)-Flores,D (2579) Doha 2016} 1/2-1/2

[Event "HUN-ch Rapid 2018"]
[Site "Ajka"]
[Date "2018.07.21"]
[Round "6"]
[White "Ruck, Robert"]
[Black "Almasi, Zoltan"]
[Result "0-1"]
[WhiteElo "2570"]
[BlackElo "2650"]
[Annotator "TA"]
[PlyCount "106"]
[EventDate "2018.07.20"]
[EventType "swiss"]
[EventCountry "HUN"]
[SourceTitle "playchess.com"]
[Source "ChessBase"]
[SourceQuality "1"]

{[%evp 9,106,-23,-14,-23,-12,-12,-8,-6,-4,-16,-12,-12,-1,0,14,0,-4,-1,1,-4,79,77,94,107,207,97,89,85,74,75,67,57,68,62,81,69,78,81,114,115,114,93,89,95,92,38,57,66,73,59,94,-91,-91,-97,-99,-92,-95,-83,-83,-97,-91,-108,-44,-38,-30,-25,-2,-35,-14,-68,-45,-118,-93,-122,-170,-345,-146,-136,-154,-174,-152,-336,-326,-322,-290,-645,-597,-1189,-1186,-1186,-1145,-1177,-1172,-806,-714,-1568,-1716,-2300,-2222]} 1. Nf3 b6 2. e4 Bb7 3. Bc4 e6 4. Qe2 Nf6 5. e5 d5 $1 {[%cal Rd5c4]} 6. Bb3 $146 {B00: Queen's Fianchetto Defence, Nimzowitsch Defence} ({Predecessor:} 6. Bb5+ Nfd7 7. d4 h6 8. c3 a5 9. O-O Qc8 10. b3 a4 {1-0 (73) Schebler,G (2474)-Piket,J (2659) Enschede 2002}) 6... Nfd7 7. O-O c5 8. d3 {The position is equal.} Nc6 9. c3 Be7 10. d4 Qc8 {...Ba6 is the strong threat.} 11. Re1 O-O 12. Be3 Ba6 13. Qd1 b5 14. a3 Bb7 (14... cxd4 $11 15. Bxd4 Qb7) 15. Bc2 $16 c4 16. Ng5 h6 (16... Bxg5 $16 17. Bxg5 f6) 17. Nh3 (17. Qh5 $18) 17... f5 18. exf6 Nxf6 19. Nf4 Bd6 20. Ng6 Rf7 21. Nd2 Qc7 22. f4 {[%cal Bf2f4,Bf4e5][%mdl 32]} Ne7 {[%cal Bc6e7,Be7f5,Bf5d4][%mdl 32]} 23. Ne5 Bxe5 24. fxe5 Ne4 25. Nxe4 dxe4 26. Qg4 Nf5 27. a4 (27. Bd2 $16) 27... b4 28. Bd2 (28. cxb4 c3 $15) 28... bxc3 29. bxc3 Rb8 30. Bc1 $2 (30. Rab1 $16) 30... Qa5 $17 31. Bd2 Nxd4 32. Bxe4 Bxe4 33. Qxe4 Nb3 34. Rad1 Nxd2 ({Much worse is} 34... Qxa4 $6 35. Bxh6 $1 {[%mdl 512]} gxh6 36. Qg6+ Rg7 37. Qxe6+ Kh7 38. Rd6 $11) 35. Rxd2 Qxa4 (35... Qxc3 $17 36. Rc2 Qa5 37. Rxc4 Rf4 $1 {[%mdl 512]} 38. Qxf4 Qxe1+ 39. Qf1 Qe3+ 40. Kh1 Qxe5) 36. Rd6 $15 Qa2 37. h3 Re8 38. Kh1 Qf2 39. Rd4 (39. Kh2 $11) 39... Ref8 $40 {[%mdl 128] Black has some attack.} 40. Red1 ({White should try} 40. Rdd1 $15) 40... Qg3 $17 41. Kg1 Rf4 42. Qc6 $2 {[#]} (42. Qe1 Rf1+ 43. Qxf1 Rxf1+ 44. Rxf1 Qxc3 45. Rdd1) 42... Qe3+ ({Weaker is} 42... Qxc3 43. Qxe6+ Kh7 44. Rxf4 $17) (42... Rxd4 $1 $19 {and Black stays clearly on top.} 43. cxd4 c3 44. Qxe6+ Kh8) 43. Kh2 Qxe5 {( -> ...Rxd4+)} 44. Rxf4 Rxf4 {[%mdl 4096] Endgame KQR-KQR} 45. Kh1 $2 (45. Qd6 $17 Qxd6 46. Rxd6) 45... Kh7 $19 ({Resist} 45... Qxc3 46. Rd8+ Kh7 47. Qxe6 $19) 46. Qb7 a5 47. Qa6 $2 (47. Qb1+ Kg8 48. Qb2) 47... Re4 {Black is clearly winning.} 48. Qa8 Re1+ 49. Rxe1 Qxe1+ 50. Kh2 Qe5+ 51. Kh1 Qd5 52. Qa7 e5 {[%cal Be6e5,Be5e4][%mdl 32]} 53. Qb6 e4 {Precision: White = 38%, Black = 50%.} 0-1

[Event "HUN-ch Rapid 2018"]
[Site "Ajka"]
[Date "2018.07.21"]
[Round "6"]
[White "Vertetics, Attila"]
[Black "Groszpeter, Attila"]
[Result "1/2-1/2"]
[WhiteElo "2506"]
[BlackElo "2438"]
[Annotator "TA"]
[PlyCount "33"]
[EventDate "2018.07.20"]
[EventType "swiss"]
[EventCountry "HUN"]
[SourceTitle "playchess.com"]
[Source "ChessBase"]
[SourceQuality "1"]

{[%evp 22,33,17,0,10,0,18,-10,0,0,19,0,0,14]} 1. d4 d5 2. c4 e6 3. Nf3 Nf6 4. Nc3 Be7 5. Bg5 h6 6. Bh4 O-O 7. e3 b6 8. cxd5 Nxd5 9. Bxe7 Qxe7 10. Nxd5 exd5 11. Rc1 Bb7 12. Qa4 {Die Stellung ist ausgeglichen.} Rc8 {D59: Damengambit (Tartakower-Variante)} 13. Bd3 (13. Be2 c5 14. O-O Nc6 15. dxc5 bxc5 16. Qf4 Rab8 17. Rfd1 d4 18. Bd3 Nb4 19. Bc4 Bxf3 20. Qxf3 {½-½ (30) Ivanov,S (2574)-Najer,E (2624) Moscow 2005}) 13... c5 14. Qa3 a5 15. O-O Na6 16. Bxa6 Bxa6 $146 ({Vorgänger:} 16... Rxa6 17. h3 Qe4 18. dxc5 bxc5 19. Rxc5 Rxc5 20. Qxc5 Rg6 21. Kh1 d4 22. Qxd4 Qxf3 23. gxf3 Bxf3+ {½-½ (23) Yermolinsky,A (2450)-Lputian,S (2440) Telavi (Georgia) 1982}) 17. Rfe1 1/2-1/2

[Event "HUN-ch Rapid 2018"]
[Site "Ajka"]
[Date "2018.07.21"]
[Round "6"]
[White "Horvath, Adam"]
[Black "Dankhazi, Andras"]
[Result "1-0"]
[WhiteElo "2479"]
[BlackElo "2361"]
[Annotator "TA"]
[PlyCount "49"]
[EventDate "2018.07.20"]
[EventType "swiss"]
[EventCountry "HUN"]
[SourceTitle "playchess.com"]
[Source "ChessBase"]
[SourceQuality "1"]

{[%evp 20,49,31,22,25,9,68,63,69,75,67,48,49,51,62,49,56,0,91,103,193,186,241,233,296,281,290,251,471,474,605,604]} 1. e4 e5 2. Nf3 Nc6 3. Bc4 Nf6 4. d3 Be7 5. O-O O-O 6. a4 d6 {C55: Two Knights: 4 d3, 4 d4 exd4 5 e5 and Max Lange Attack} 7. a5 (7. h3 Be6 8. Re1 Qd7 9. Nc3 h6 10. Be3 a6 11. Bxe6 fxe6 12. d4 exd4 13. Nxd4 Nxd4 14. Qxd4 Nh5 15. e5 {0-1 (71) Miton,K (2584)-Wang,H (2709) Riadh 2017}) 7... a6 8. Re1 Kh8 9. Nc3 Bg4 10. h3 Bh5 11. Be3 {LiveBook: 4 Games} Qd7 12. Nd5 Bxf3 $146 ({Black should play} 12... Nxd5 $11 13. Bxd5 (13. exd5 Nd4 $11) 13... Bg6) ({Predecessor:} 12... Nxd5 13. exd5 Nd8 14. Nxe5 dxe5 15. Qxh5 Bd6 {1-0 (33) Emiroglu,C (2356)-Petr,J (2202) Olomouc 2014}) 13. Qxf3 $14 Nd4 14. Bxd4 exd4 15. e5 dxe5 {next ...Nxd5 is good for Black.} 16. Nxe7 Qxe7 17. Qxb7 Qd6 18. Re2 ({Better is} 18. c3 $14) 18... Rfb8 (18... c6 $11) 19. Qf3 $16 Ra7 (19... Rf8 $16) 20. Rae1 $18 Re8 (20... Rab7 {was worth a try.} 21. b3 (21. Rxe5 Rxb2 22. Bxf7 Rxc2 $16) (21. Bxf7 Rb5 $16) 21... Nd7) 21. Bxf7 Re7 22. Bc4 Qc5 23. g4 h6 $2 {[#]} (23... c6 {keeps fighting.} 24. Qg3 Qxa5 25. Rxe5 Qxe1+ 26. Rxe1 Rxe1+ 27. Kg2 Rae7) 24. Qf5 Nd7 25. Be6 {Precision: White = 78%, Black = 38%.} 1-0